Welcome to CU Library Online Public Access Catalogue (OPAC)

Stores and Distribution Management (Record no. 6479)

MARC details
000 -LEADER
fixed length control field 00568nam a22001937a 4500
005 - DATE AND TIME OF LATEST TRANSACTION
control field 20250614132101.0
008 - FIXED-LENGTH DATA ELEMENTS--GENERAL INFORMATION
fixed length control field 250614b |||||||| |||| 00| 0 eng d
020 ## - INTERNATIONAL STANDARD BOOK NUMBER
International Standard Book Number 9781903500057
050 ## - LIBRARY OF CONGRESS CALL NUMBER
Classification number HF5415.7 CAR
100 ## - MAIN ENTRY--PERSONAL NAME
Personal name Cater Ray
245 ## - TITLE STATEMENT
Title Stores and Distribution Management
Statement of responsibility, etc. Ray Carter, Philip M. Price & Stuart Emmett
260 ## - PUBLICATION, DISTRIBUTION, ETC.
Place of publication, distribution, etc. Great Britain
Name of publisher, distributor, etc. Liverpool Business Publishing
Date of publication, distribution, etc. 2005
300 ## - PHYSICAL DESCRIPTION
Extent xi. 357p
Other physical details ill.
Dimensions 21 cm
500 ## - GENERAL NOTE
General note Includes Index
650 ## - SUBJECT ADDED ENTRY--TOPICAL TERM
Source of heading or term Marketing
700 ## - ADDED ENTRY--PERSONAL NAME
Personal name Price Philip M.
700 ## - ADDED ENTRY--PERSONAL NAME
Personal name Emmett Stuart
942 ## - ADDED ENTRY ELEMENTS (KOHA)
Source of classification or shelving scheme Library of Congress Classification
Koha item type Books
Suppress in OPAC No
999 ## -
-- 6479
-- 6479
Holdings
Withdrawn status Lost status Source of classification or shelving scheme Damaged status Not for loan Collection Home library Current library Shelving location Date acquired Total checkouts Full call number Barcode Date last seen Copy number Price effective from Koha item type
    Library of Congress Classification     Non-fiction Business Library (Miotso) Business Library (Miotso) General stacks 06/14/2025   HF5415.7 CAR BSSM00002178 06/14/2025 1 06/14/2025 Books
© 2023-2024 Copyright: Central University Libraries. All Rights Reserved | Created by: Mahone Tech Office